| 000 | 01579nam0a22003371 4500 | ||
|---|---|---|---|
| 001 | RU\NLR\INFOCOMM_190\5000056831 | ||
| 005 | 20250613094206.0 | ||
| 035 | _a(NLR Aleph) 009246655 | ||
| 090 |
_a8958895 _c8958896 |
||
| 100 | _a20100716d1981 |||y0rusy50 ca | ||
| 101 | 0 | _aeng | |
| 102 | _aRU | ||
| 105 | _aa ||||000|y | ||
| 200 | 1 |
_aΔ-₁₂₃₆ production in νn→μ+nπ⁻ reaction at high energies _fV. I. Efremenko, A. V. Fedotov, P. A. Gorichev et al. |
|
| 210 |
_aМ. _cИн-т теорет. и эксперим. физики _d1981 |
||
| 215 |
_a12 с. _cдиагр. _d20 см |
||
| 225 | 1 |
_aInstitute of theoretical and experimental physics _vITEP-83 |
|
| 300 | _aВ вып. дан.: Образование Δ(₁₂₃₆) изобары в квазиупругих взаимодействиях антинейтрино с нейтроном при высоких энергиях / В. И. Ефременко и др. | ||
| 320 | _aБиблиогр.: с. 12 | ||
| 517 | 1 | _aProduction in νn→μ+nπ⁻ reaction at high energies | |
| 532 | 1 | 2 | _aDelta-₁₂₃₆ production in νn→μ+nπ⁻ reaction at high energies |
| 606 |
_aАнтинейтрино _xВзаимодействия с нейтронами _xОбразование изобар _2nlr_sh1 |
||
| 686 |
_aВ382.41 _2rubbk |
||
| 686 |
_aВ382.314 _2rubbk |
||
| 701 | 1 |
_9z01790 _aEfremenko _bV. I. _gValentin Ivanovič _4070 |
|
| 790 | 1 |
_9z01701 _aEfremenko _bV. I. _4070 |
|
| 801 | 1 |
_aRU _bNLR _c20100716 |
|
| 801 | 0 |
_aRU _bNLR _gPSBO |
|
| 852 |
_aNLR _jФз01 Д-4/1594 |
||
| 942 | _cBOOK | ||
| 980 | _aNB | ||